<?xml version="1.0" encoding="UTF-8"?>
<record
    xmlns:xsi="http://www.w3.org/2001/XMLSchema-instance"
    xsi:schemaLocation="http://www.loc.gov/MARC21/slim http://www.loc.gov/standards/marcxml/schema/MARC21slim.xsd"
    xmlns="http://www.loc.gov/MARC21/slim">

  <leader>00540nam a22002177a 4500</leader>
  <controlfield tag="003">UA-OsUOA</controlfield>
  <controlfield tag="001"> 22751 </controlfield>
  <controlfield tag="007">ta</controlfield>
  <controlfield tag="008">20031224b un ||||| |||| 00| 0 ukr d</controlfield>
  <datafield tag="090" ind1=" " ind2=" ">
    <subfield code="a">22.04</subfield>
    <subfield code="b">&#x41D;76</subfield>
  </datafield>
  <datafield tag="942" ind1=" " ind2=" ">
    <subfield code="c">BK</subfield>
  </datafield>
  <datafield tag="040" ind1=" " ind2=" ">
    <subfield code="a">UA-OsUOA</subfield>
    <subfield code="b">rus</subfield>
    <subfield code="c">UA-OsUOA</subfield>
    <subfield code="d">UA-OsUOA</subfield>
  </datafield>
  <datafield tag="245" ind1=" " ind2=" ">
    <subfield code="a">&#x41D;&#x43E;&#x432;&#x44B;&#x439; &#x417;&#x430;&#x432;&#x435;&#x442; &#x413;&#x43E;&#x441;&#x43F;&#x43E;&#x434;&#x430; &#x43D;&#x430;&#x448;&#x435;&#x433;&#x43E; &#x418;&#x438;&#x441;&#x443;&#x441;&#x430; &#x425;&#x440;&#x438;&#x441;&#x442;&#x430; &#x438; &#x41F;&#x441;&#x430;&#x43B;&#x442;&#x44B;&#x440;&#x44C;</subfield>
  </datafield>
  <datafield tag="955" ind1=" " ind2=" ">
    <subfield code="a">0</subfield>
  </datafield>
  <datafield tag="041" ind1=" " ind2=" ">
    <subfield code="a">rus</subfield>
  </datafield>
  <datafield tag="080" ind1=" " ind2=" ">
    <subfield code="a">22.04</subfield>
  </datafield>
  <datafield tag="260" ind1=" " ind2=" ">
    <subfield code="b">United Bible Societies</subfield>
    <subfield code="c">1993</subfield>
  </datafield>
  <datafield tag="044" ind1=" " ind2=" ">
    <subfield code="a">RU</subfield>
  </datafield>
  <datafield tag="650" ind1=" " ind2="7">
    <subfield code="2">UDC</subfield>
  </datafield>
  <datafield tag="999" ind1=" " ind2=" ">
    <subfield code="c">308979</subfield>
    <subfield code="d">308979</subfield>
  </datafield>
  <datafield tag="952" ind1=" " ind2=" ">
    <subfield code="0">0</subfield>
    <subfield code="1">0</subfield>
    <subfield code="2">udc</subfield>
    <subfield code="4">0</subfield>
    <subfield code="7">0</subfield>
    <subfield code="a">101</subfield>
    <subfield code="b">101</subfield>
    <subfield code="d">2006-07-17</subfield>
    <subfield code="i">17277</subfield>
    <subfield code="l">0</subfield>
    <subfield code="o">22.04 &#x41D;76</subfield>
    <subfield code="p">17277</subfield>
    <subfield code="r">2022-02-21 00:00:00</subfield>
    <subfield code="w">2003-12-24</subfield>
    <subfield code="y">BK</subfield>
  </datafield>
  <datafield tag="952" ind1=" " ind2=" ">
    <subfield code="0">0</subfield>
    <subfield code="1">0</subfield>
    <subfield code="2">udc</subfield>
    <subfield code="4">0</subfield>
    <subfield code="7">0</subfield>
    <subfield code="a">101</subfield>
    <subfield code="b">101</subfield>
    <subfield code="d">2006-07-17</subfield>
    <subfield code="i">17278</subfield>
    <subfield code="l">0</subfield>
    <subfield code="o">22.04 &#x41D;76</subfield>
    <subfield code="p">17278</subfield>
    <subfield code="r">2021-11-04 00:00:00</subfield>
    <subfield code="w">2003-12-24</subfield>
    <subfield code="y">BK</subfield>
  </datafield>
  <datafield tag="952" ind1=" " ind2=" ">
    <subfield code="0">0</subfield>
    <subfield code="1">0</subfield>
    <subfield code="2">udc</subfield>
    <subfield code="4">0</subfield>
    <subfield code="7">0</subfield>
    <subfield code="a">101</subfield>
    <subfield code="b">101</subfield>
    <subfield code="d">2006-07-17</subfield>
    <subfield code="i">17279</subfield>
    <subfield code="l">0</subfield>
    <subfield code="o">22.04 &#x41D;76</subfield>
    <subfield code="p">17279</subfield>
    <subfield code="r">2021-11-04 00:00:00</subfield>
    <subfield code="w">2003-12-24</subfield>
    <subfield code="y">BK</subfield>
  </datafield>
  <datafield tag="952" ind1=" " ind2=" ">
    <subfield code="0">0</subfield>
    <subfield code="1">0</subfield>
    <subfield code="2">udc</subfield>
    <subfield code="4">0</subfield>
    <subfield code="7">0</subfield>
    <subfield code="a">101</subfield>
    <subfield code="b">101</subfield>
    <subfield code="d">2006-07-17</subfield>
    <subfield code="i">17280</subfield>
    <subfield code="l">0</subfield>
    <subfield code="o">22.04 &#x41D;76</subfield>
    <subfield code="p">17280</subfield>
    <subfield code="r">2021-11-04 00:00:00</subfield>
    <subfield code="w">2003-12-24</subfield>
    <subfield code="y">BK</subfield>
  </datafield>
  <datafield tag="952" ind1=" " ind2=" ">
    <subfield code="0">0</subfield>
    <subfield code="1">0</subfield>
    <subfield code="2">udc</subfield>
    <subfield code="4">0</subfield>
    <subfield code="7">0</subfield>
    <subfield code="a">102</subfield>
    <subfield code="b">102</subfield>
    <subfield code="d">2003-12-24</subfield>
    <subfield code="g">7.00</subfield>
    <subfield code="i">63473</subfield>
    <subfield code="l">0</subfield>
    <subfield code="o">22.04 &#x41D;76</subfield>
    <subfield code="p">63473</subfield>
    <subfield code="r">2021-09-29 00:00:00</subfield>
    <subfield code="w">2003-12-24</subfield>
    <subfield code="y">BK</subfield>
  </datafield>
</record>
